[Event "SR 5. liga SE-SI 2015/2016"]
[Site "?"]
[Date "2016.03.05"]
[Round "8.2"]
[White "Ralbovsky, Milan"]
[Black "Stasek, Daniel"]
[Result "1/2-1/2"]
[WhiteElo "1000"]
[BlackElo "1642"]
[PlyCount "118"]
[EventDate "2015.??.??"]

1. e4 e6 2. d4 d5 3. e5 c5 4. c3 Nc6 5. Qa4 Qb6 6. Nf3 Bd7 7. Bb5 Nxe5 8. Na3
Nxf3+ 9. gxf3 Bxb5 10. Qxb5+ Qxb5 11. Nxb5 Kd7 12. Be3 a6 13. Na3 cxd4 14. Bxd4
Nf6 15. Rg1 Bxa3 16. bxa3 Rhg8 17. Rb1 b5 18. Ke2 Kd6 19. f4 Ne8 20. Rg3 f6 21.
Rbg1 g6 22. Rh3 e5 23. fxe5+ fxe5 24. Be3 Nf6 25. Rgg3 Ne4 26. Rf3 Nxc3+ 27.
Kd2 Ne4+ 28. Ke2 h5 29. Rf7 d4 30. Bd2 Raf8 31. Bb4+ Nc5 32. Rhf3 Rxf7 33. Rxf7
Kd5 34. Bxc5 Kxc5 35. Rf6 a5 36. Re6 Kd5 37. Rb6 Rc8 38. Rxb5+ Rc5 39. Rb2 g5
40. h3 e4 41. a4 Rc2+ 42. Rxc2 d3+ 43. Kd2 dxc2 44. Kxc2 Kd4 45. Kd2 g4 46.
hxg4 hxg4 47. Ke2 Ke5 48. Kf1 Kf4 49. Ke2 Kf5 50. Kf1 Ke5 51. Ke1 Kd5 52. Kd2
Kd4 53. Ke2 e3 54. fxe3+ Ke4 55. Kf2 g3+ 56. Kxg3 Kxe3 57. Kg2 Kd2 58. Kg1 Kd1
59. Kf2 Kc2 1/2-1/2

[Event "SR 5. liga SE-SI 2015/2016"]
[Site "?"]
[Date "2016.03.05"]
[Round "8.3"]
[White "Klimes, Karel"]
[Black "Macalka, Ondrej"]
[Result "1/2-1/2"]
[WhiteElo "1658"]
[BlackElo "1607"]
[PlyCount "95"]
[EventDate "2015.??.??"]

1. e4 c5 2. Nf3 d6 3. Bc4 Nf6 4. d3 Nc6 5. c3 a6 6. a4 b6 7. Bg5 e6 8. Nbd2 Be7
9. O-O O-O 10. Re1 Bb7 11. Qc2 Qc7 12. Nf1 Rfe8 13. Ne3 Na5 14. Ba2 b5 15. Bb1
c4 16. d4 Bxe4 17. Qe2 Bxb1 18. Rexb1 d5 19. Ne5 Nc6 20. f4 h6 21. Bh4 b4 22.
Nxc6 Qxc6 23. Bxf6 Bxf6 24. Ng4 Be7 25. Ne5 Qc7 26. Qh5 Bd6 27. Rf1 f6 28. Ng4
Bxf4 29. Qg6 Bg5 30. h4 Bxh4 31. Nxf6+ Bxf6 32. Rxf6 Qe7 33. Rf3 Rf8 34. Raf1
Rxf3 35. Rxf3 bxc3 36. bxc3 Rf8 37. Rxf8+ Kxf8 38. Qg3 Kf7 39. Qg4 Qa3 40. Qf4+
Kg8 41. Qe3 Qe7 42. Qe5 Kf7 43. Qh5+ Kg8 44. Qe5 Kh7 45. Qe3 a5 46. Qe1 Qd7 47.
Qb1+ g6 48. Qb6 1/2-1/2

[Event "SR 5. liga SE-SI 2015/2016"]
[Site "?"]
[Date "2016.03.05"]
[Round "8.3"]
[White "Petras, Michal"]
[Black "Tomasovic, Roman"]
[Result "0-1"]
[WhiteElo "1246"]
[BlackElo "1543"]
[PlyCount "116"]
[EventDate "2015.??.??"]

1. e4 e5 2. Nf3 Nc6 3. Bb5 d6 4. Bxc6+ bxc6 5. d4 Bg4 6. O-O exd4 7. Qxd4 Bxf3
8. gxf3 Qf6 9. Qxf6 Nxf6 10. Bf4 Nh5 11. Bg3 g6 12. Nd2 Bg7 13. c3 O-O 14. Rfe1
Rab8 15. Rab1 Rb5 16. f4 Rfb8 17. Nb3 a5 18. Re2 c5 19. Rc2 Bh6 20. f5 gxf5 21.
exf5 Bg5 22. Nd2 Re8 23. a4 Rbb8 24. Nc4 Ra8 25. Kf1 Ng7 26. f4 Bf6 27. Re1
Nxf5 28. Rxe8+ Rxe8 29. Re2 Ra8 30. Ne3 Nxe3+ 31. Rxe3 Kf8 32. Be1 Rb8 33. c4
Ra8 34. b3 c6 35. Rh3 Kg7 36. Rd3 Bd4 37. Bd2 d5 38. cxd5 cxd5 39. Be1 Ra7 40.
Rg3+ Kf8 41. Rg5 Rb7 42. Rxd5 Rxb3 43. Bxa5 Ra3 44. Bb6 Rxa4 45. f5 Ra1+ 46.
Kg2 Rc1 47. Ba7 Kg7 48. Bb6 Rc2+ 49. Kg3 Bg1 50. h4 h5 51. Ba7 Bf2+ 52. Kh3
Rc3+ 53. Kg2 Bxh4 54. Bxc5 Bf6 55. Bd4 Bxd4 56. Rxd4 Kf6 57. Rf4 Kg5 58. Rf2
Rc5 0-1

[Event "SR 5. liga SE-SI 2015/2016"]
[Site "?"]
[Date "2016.03.05"]
[Round "8.3"]
[White "Tomasovic, Pavol"]
[Black "Cibula, Marian"]
[Result "1-0"]
[WhiteElo "1308"]
[BlackElo "1107"]
[PlyCount "53"]
[EventDate "2015.??.??"]

1. e4 d5 2. exd5 Qxd5 3. Nc3 Qa5 4. d4 c6 5. Nf3 Bf5 6. Bd3 Bxd3 7. Qxd3 Nf6 8.
O-O e6 9. Bg5 Nbd7 10. a3 Bd6 11. Ne4 Be7 12. Nxf6+ Nxf6 13. Ne5 Rd8 14. c3 c5
15. b4 cxb4 16. axb4 Qxe5 17. dxe5 Rxd3 18. exf6 Bxf6 19. Bxf6 gxf6 20. Rxa7
Rxc3 21. Ra8+ Ke7 22. Rxh8 Rb3 23. Rxh7 Rxb4 24. Rh8 Rc4 25. Rb1 Rc7 26. h4 e5
27. Rb8 1-0

[Event "SR 5. liga SE-SI 2015/2016"]
[Site "?"]
[Date "2016.03.05"]
[Round "8.3"]
[White "Skrabak, Jozef"]
[Black "Fajtakova, Silvia"]
[Result "0-1"]
[WhiteElo "1000"]
[BlackElo "1162"]
[PlyCount "54"]
[EventDate "2015.??.??"]

1. e4 e5 2. Nf3 Nc6 3. c3 d5 4. Bb5 f6 5. Bxc6+ bxc6 6. O-O Bg4 7. Qa4 Qd7 8.
Rd1 dxe4 9. d4 c5 10. b3 Qxa4 11. bxa4 exf3 12. g3 Rd8 13. Be3 Nh6 14. Na3 cxd4
15. cxd4 Bxa3 16. d5 a6 17. Rab1 O-O 18. Rb7 Bd6 19. Rc1 e4 20. Bc5 Rfe8 21.
Bxd6 cxd6 22. Rcc7 Nf5 23. Ra7 Rb8 24. Rc1 Rec8 25. Re1 Rb6 26. Rxe4 Rb1+ 27.
Re1 Rxe1# 0-1

[Event "SR 5. liga SE-SI 2015/2016"]
[Site "?"]
[Date "2016.03.05"]
[Round "8.3"]
[White "Novomeska, Karin"]
[Black "Sekac, Martin"]
[Result "1-0"]
[WhiteElo "1066"]
[BlackElo "1000"]
[PlyCount "65"]
[EventDate "2015.??.??"]

1. e4 e5 2. Nf3 Nc6 3. Bc4 Bc5 4. c3 Nf6 5. d3 d6 6. Bg5 h6 7. Bh4 O-O 8. Nbd2
Bg4 9. O-O a6 10. b4 Ba7 11. Rb1 b5 12. Bd5 Nxd5 13. Bxd8 Nxc3 14. Qc2 Nxb1 15.
Qxb1 Raxd8 16. Qc2 Ne7 17. Qxc7 Nc8 18. Qa5 Bb6 19. Qxa6 Rfe8 20. Qxb5 Re6 21.
h3 Bh5 22. a4 f6 23. a5 Be8 24. Qc4 Ba7 25. Qxe6+ Bf7 26. Qg4 h5 27. Qf5 g6 28.
Qxf6 Rf8 29. Qg5 Bb8 30. Qf6 g5 31. Nxg5 Bg6 32. Qxg6+ Kh8 33. Qh7# 1-0

[Event "SR 5. liga SE-SI 2015/2016"]
[Site "?"]
[Date "2016.03.05"]
[Round "8.4"]
[White "Daniel, Dusan"]
[Black "Diviak, Rastislav"]
[Result "0-1"]
[WhiteElo "1003"]
[BlackElo "1967"]
[PlyCount "76"]
[EventDate "2015.??.??"]

1. e4 c5 2. Nf3 d6 3. Bc4 e6 4. Nc3 Nf6 5. e5 dxe5 6. Nxe5 Be7 7. d3 O-O 8. O-O
Nbd7 9. Bf4 Nb6 10. Qf3 Nbd5 11. a3 Nxf4 12. Qxf4 Nd5 13. Qf3 Nxc3 14. bxc3 Bf6
15. Qe4 Qc7 16. d4 cxd4 17. cxd4 Rb8 18. Rfe1 b6 19. Bb5 Bb7 20. Bc6 Bxe5 21.
Bxb7 Bxh2+ 22. Kh1 Rxb7 23. g3 Bxg3 24. fxg3 Rbb8 25. Qd3 Rbc8 26. Rac1 Qc3 27.
Re3 Qxd3 28. Rxd3 Rc4 29. d5 exd5 30. Rxd5 Rfc8 31. c3 g6 32. Rd3 b5 33. Kg2 a5
34. Kh3 b4 35. axb4 axb4 36. Rd2 Rxc3 37. Rdc2 Rxc2 38. Rb1 Rb8 0-1

[Event "SR 5. liga SE-SI 2015/2016"]
[Site "?"]
[Date "2016.03.05"]
[Round "8.4"]
[White "Buran, Andrej ml"]
[Black "Svrcek, Daniel"]
[Result "1-0"]
[WhiteElo "1571"]
[BlackElo "1320"]
[PlyCount "165"]
[EventDate "2015.??.??"]

1. e4 e6 2. d4 d5 3. exd5 exd5 4. Bd3 c5 5. c3 Nc6 6. Nf3 Qb6 7. dxc5 Bxc5 8.
O-O Nf6 9. Bg5 Be7 10. Qc2 h6 11. Bh4 O-O 12. Nbd2 Be6 13. Nb3 Rac8 14. Qe2 Qc7
15. Bc2 Nd7 16. Bxe7 Nxe7 17. Nbd4 Qd6 18. Rfe1 Nc5 19. b4 Ne4 20. Bxe4 dxe4
21. Qxe4 Nd5 22. Nxe6 Qxe6 23. Qd4 Qc6 24. Ne5 Qd6 25. c4 f6 26. Ng6 Rfd8 27.
Qxd5+ Qxd5 28. cxd5 Rc4 29. a3 Kf7 30. Ne7 Rc7 31. Nf5 Rxd5 32. Ng3 Rd3 33. h3
Rcc3 34. a4 Rb3 35. b5 a5 36. Rec1 Rdc3 37. Rxc3 Rxc3 38. Rd1 Ra3 39. Rd7+ Kg6
40. Rxb7 Rxa4 41. Ra7 Ra1+ 42. Kh2 a4 43. Ne4 Rb1 44. Rxa4 Rxb5 45. Nd6 Rb2 46.
Rg4+ Kh7 47. Kg3 Rb3+ 48. f3 Rb6 49. Nf5 Rb7 50. Kh4 g6 51. Ng3 f5 52. Rc4 Rg7
53. Ne2 Re7 54. Nd4 Rf7 55. Ne6 Re7 56. Rc7 Rxc7 57. Nxc7 Kg7 58. f4 Kf6 59. g4
g5+ 60. Kg3 Kg6 61. Ne6 fxg4 62. hxg4 gxf4+ 63. Nxf4+ Kg5 64. Nh5 Kg6 65. Kh4
Kh7 66. Nf4 Kg7 67. Kh5 Kh7 68. Nd5 Kg7 69. Ne7 Kf7 70. Nf5 Kg8 71. Kxh6 Kh8
72. Kg6 Kg8 73. g5 Kh8 74. Kf6 Kh7 75. Kf7 Kh8 76. Nd6 Kh7 77. g6+ Kh6 78. g7
Kh5 79. g8=Q Kh4 80. Qg2 Kh5 81. Ne4 Kh4 82. Kf6 Kh5 83. Qg5# 1-0

[Event "SR 5. liga SE-SI 2015/2016"]
[Site "?"]
[Date "2016.03.05"]
[Round "8.4"]
[White "Steiner, Juraj"]
[Black "Hrdlicka, Martin"]
[Result "0-1"]
[WhiteElo "1000"]
[BlackElo "1381"]
[PlyCount "90"]
[EventDate "2015.??.??"]

1. c4 Nf6 2. d4 e6 3. Bg5 Bb4+ 4. Bd2 Nc6 5. Bxb4 Nxb4 6. Nd2 d5 7. Qa4+ Nc6 8.
Rc1 O-O 9. g3 Nxd4 10. Bg2 Bd7 11. Qb4 Nc6 12. Qxb7 Rb8 13. Qa6 Rxb2 14. cxd5
exd5 15. Qd3 Ne7 16. Ngf3 Rxa2 17. O-O Bf5 18. Qc3 c6 19. Ne5 Qd6 20. Nxc6 Nxc6
21. Nb3 Ra3 22. Ra1 d4 23. Qb2 Rxa1 24. Qxa1 Rb8 25. Qa4 Be4 26. f3 Bd5 27.
Nxd4 Rb4 28. Qd1 Rxd4 29. Qa1 Qc5 30. e3 Rb4 31. Rc1 Qxe3+ 32. Kf1 Bc4+ 33.
Rxc4 Rxc4 34. Qe1 Qxe1+ 35. Kxe1 Rd4 36. f4 Rd6 37. Ke2 a5 38. Bxc6 Rxc6 39. h4
a4 40. g4 a3 41. g5 a2 42. gxf6 a1=Q 43. fxg7 Rc3 44. f5 Qb2+ 45. Kd1 Rc1# 0-1

[Event "SR 5. liga SE-SI 2015/2016"]
[Site "?"]
[Date "2016.03.05"]
[Round "8.4"]
[White "Kaufman, Robert"]
[Black "Ivanova, Nicol"]
[Result "1-0"]
[WhiteElo "1369"]
[BlackElo "1000"]
[PlyCount "91"]
[EventDate "2015.??.??"]

1. e4 e5 2. Nf3 Nc6 3. Bc4 Bb4 4. c3 Bc5 5. d3 h6 6. Be3 Bxe3 7. fxe3 Nf6 8.
O-O d5 9. exd5 Nxd5 10. Qb3 Be6 11. Qxb7 Na5 12. Bb5+ Ke7 13. Qa6 Nxe3 14. Qxa5
Nc2 15. Nxe5 Qc8 16. Na3 Nxa1 17. Rxa1 f6 18. Ng6+ Kf7 19. Nxh8+ Qxh8 20. Qxc7+
Kf8 21. Re1 Qg8 22. Bc4 Re8 23. Bxe6 Rxe6 24. Qd8+ Kf7 25. Qxg8+ Kxg8 26. Rxe6
Kf7 27. Ra6 f5 28. Nc4 g5 29. Ne5+ Ke7 30. d4 Kd8 31. Rxa7 f4 32. c4 Kc8 33.
Rd7 h5 34. b4 g4 35. a4 f3 36. g3 f2+ 37. Kxf2 h4 38. gxh4 g3+ 39. hxg3 Kb8 40.
c5 Ka8 41. b5 Kb8 42. h5 Ka8 43. b6 Kb8 44. c6 Ka8 45. a5 Kb8 46. Rd8# 1-0

[Event "SR 5. liga SE-SI 2015/2016"]
[Site "?"]
[Date "2016.03.05"]
[Round "8.4"]
[White "Stefko, Martin"]
[Black "Nater, Nikolas"]
[Result "0-1"]
[WhiteElo "1000"]
[BlackElo "1092"]
[PlyCount "88"]
[EventDate "2015.??.??"]

1. e4 e5 2. Nf3 Nc6 3. Nc3 Nf6 4. d3 Bc5 5. Bg5 d6 6. Nd5 O-O 7. Qe2 Bg4 8.
O-O-O Nd4 9. Qd2 Nxf3 10. gxf3 Bxf3 11. Bxf6 gxf6 12. Rg1+ Kh8 13. Re1 Rg8 14.
Bh3 c6 15. Ne3 a5 16. Rg3 Bb4 17. c3 Bh5 18. Nf5 Rg6 19. Reg1 Bc5 20. Nh6 Qf8
21. Bf5 Qxh6 22. Bxg6 Qxd2+ 23. Kxd2 fxg6 24. a3 Bxf2 25. Rf1 Bxg3 26. hxg3 d5
27. Rxf6 dxe4 28. dxe4 Rd8+ 29. Kc2 Bd1+ 30. Kb1 Bb3 31. Rf1 Rd1+ 32. Rxd1 Bxd1
33. b4 axb4 34. axb4 Bf3 35. c4 Bxe4+ 36. Kb2 Bd3 37. c5 e4 38. Kc3 h5 39. Kd2
g5 40. Ke3 h4 41. gxh4 gxh4 42. Kf2 h3 43. Kg1 e3 44. Kh2 Bf1 0-1

[Event "SR 5. liga SE-SI 2015/2016"]
[Site "?"]
[Date "2016.03.05"]
[Round "8.5"]
[White "Simek, Adam"]
[Black "Trojkova, Michaela"]
[Result "0-1"]
[WhiteElo "1097"]
[BlackElo "1605"]
[PlyCount "74"]
[EventDate "2015.??.??"]

1. e4 c5 2. Nf3 Nc6 3. Bc4 g6 4. d3 Bg7 5. c3 Nf6 6. Be3 d6 7. d4 cxd4 8. cxd4
Nxe4 9. d5 Bxb2 10. dxc6 bxc6 11. Qc2 Bxa1 12. Qxe4 d5 13. Qc2 dxc4 14. Qxc4
Qd5 15. Qxd5 cxd5 16. O-O O-O 17. Nbd2 Bg7 18. Rc1 Be6 19. Rc7 Rfc8 20. Rxe7 d4
21. Nxd4 Bxd4 22. Bxd4 Rc2 23. Nf1 Rxa2 24. h3 a5 25. Ne3 a4 26. Ng4 Bxg4 27.
hxg4 a3 28. Kh2 Rd2 29. Be3 Rc2 30. g5 a2 31. Bd4 a1=Q 32. Bxa1 Rxa1 33. Re8+
Kg7 34. f4 Raa2 35. Kh3 Rxg2 36. Kh4 Rg1 37. f5 Rh2# 0-1

[Event "SR 5. liga SE-SI 2015/2016"]
[Site "?"]
[Date "2016.03.05"]
[Round "8.5"]
[White "Petrek, David"]
[Black "Nesnadny, Tomas"]
[Result "1-0"]
[WhiteElo "1324"]
[BlackElo "1000"]
[PlyCount "55"]
[EventDate "2015.??.??"]

1. e4 e5 2. Nf3 Nc6 3. Bc4 Bc5 4. d3 d6 5. c3 Nf6 6. O-O O-O 7. Re1 Be6 8. Bb5
a6 9. Ba4 b5 10. Bc2 Ng4 11. d4 exd4 12. cxd4 Bb4 13. Nc3 Qf6 14. h3 Nh6 15.
Bg5 Qg6 16. Bxh6 Qxh6 17. d5 Bd7 18. dxc6 Bxc6 19. Qd4 Bc5 20. Qd2 Qf6 21. Qd3
Rfe8 22. Nd5 Qd8 23. Rad1 Bxd5 24. Qxd5 Bb4 25. Re2 Qf6 26. e5 Qf4 27. Re4 Qh6
28. Rxb4 1-0

[Event "SR 5. liga SE-SI 2015/2016"]
[Site "?"]
[Date "2016.03.05"]
[Round "8.5"]
[White "Jankovic, Erik"]
[Black "Oslej, Marek"]
[Result "0-1"]
[WhiteElo "1000"]
[BlackElo "1092"]
[PlyCount "58"]
[EventDate "2015.??.??"]

1. e4 e5 2. Nf3 Nc6 3. Nc3 Nf6 4. Bc4 Bb4 5. d3 d6 6. Be3 Bg4 7. Bd5 O-O 8.
Bxc6 bxc6 9. O-O Re8 10. a3 Bxc3 11. bxc3 d5 12. exd5 cxd5 13. d4 e4 14. h3 Bh5
15. g4 Nxg4 16. hxg4 Bxg4 17. Kg2 Bxf3+ 18. Qxf3 exf3+ 19. Kxf3 Qf6+ 20. Ke2
Qa6+ 21. Ke1 Qc6 22. Kd2 Rab8 23. Rfb1 Rxb1 24. Rxb1 h6 25. f4 Qg6 26. Rb7 Qg2+
27. Kd3 Qe4+ 28. Ke2 Qxe3+ 29. Kd1 Qe1# 0-1

[Event "SR 5. liga SE-SI 2015/2016"]
[Site "?"]
[Date "2016.03.05"]
[Round "8.5"]
[White "Bazovsky, Max"]
[Black "Velicky, Samuel"]
[Result "1-0"]
[WhiteElo "1000"]
[BlackElo "1000"]
[PlyCount "69"]
[EventDate "2015.??.??"]

1. d4 d5 2. e3 Nc6 3. c3 Nh6 4. h3 Bf5 5. g4 Bxb1 6. Rxb1 e6 7. c4 dxc4 8. Bxc4
Bb4+ 9. Bd2 O-O 10. Ne2 a6 11. Nc3 b5 12. Bd3 e5 13. Be4 exd4 14. Bxc6 dxc3 15.
bxc3 Ba5 16. Bxa8 Qxa8 17. O-O c5 18. Qe2 Qb8 19. c4 Qb6 20. Bxa5 Qb7 21. cxb5
axb5 22. Qxb5 Qe7 23. Bb6 Rb8 24. Qxc5 Kf8 25. Qxe7+ Kxe7 26. Bc5+ Ke8 27.
Rxb8+ Kd7 28. Rd1+ Ke6 29. Re8+ Kf6 30. f4 g5 31. Rd6+ Kg7 32. Bd4+ f6 33. Rxf6
gxf4 34. Rf5+ Kg6 35. Re6# 1-0

[Event "SR 5. liga SE-SI 2015/2016"]
[Site "?"]
[Date "2016.03.05"]
[Round "8.5"]
[White "Visvader, Kristof"]
[Black "Krusinsky, Mojmir"]
[Result "1-0"]
[WhiteElo "1000"]
[BlackElo "1000"]
[PlyCount "51"]
[EventDate "2015.??.??"]

1. e4 e5 2. Nf3 Nc6 3. Bb5 d6 4. Nc3 Nf6 5. d4 Bg4 6. Bg5 d5 7. dxe5 dxe4 8.
Nxe4 Bxf3 9. Qxf3 Bb4+ 10. c3 Qd5 11. Nxf6+ gxf6 12. Qxd5 fxg5 13. Bxc6+ bxc6
14. Qxc6+ Ke7 15. cxb4 Rad8 16. Qxc7+ Rd7 17. Qc5+ Kd8 18. O-O Rc7 19. Rfd1+
Kc8 20. Qd5 Rd8 21. Qxd8+ Kb7 22. a4 h6 23. a5 a6 24. Rd6 Rc6 25. Rd7+ Rc7 26.
Rxc7# 1-0

[Event "SR 5. liga SE-SI 2015/2016"]
[Site "?"]
[Date "2016.03.19"]
[Round "9.1"]
[White "Ulehla, Jakub"]
[Black "Brunovsky, Peter"]
[Result "1-0"]
[WhiteElo "1645"]
[BlackElo "1823"]
[PlyCount "63"]
[EventDate "2015.??.??"]

1. e4 c6 2. d4 d5 3. e5 Bf5 4. Nc3 e6 5. g4 Bg6 6. h4 h5 7. g5 Bf5 8. Bd3 Ne7
9. Nce2 g6 10. Ng3 Bxd3 11. Qxd3 Nd7 12. N1e2 Qa5+ 13. Bd2 Qb5 14. Qc3 Nb6 15.
b3 a5 16. a4 Qa6 17. Qf3 Bg7 18. Nf4 Nf5 19. Nxf5 exf5 20. O-O-O Kf8 21. e6
Bxd4 22. Bxa5 Qxa5 23. Rxd4 Re8 24. Rdd1 Qb4 25. Rhe1 d4 26. Qd3 c5 27. Qf3
Qa3+ 28. Kd2 Nc4+ 29. Ke2 Nd6 30. Qd5 Ne4 31. Kf1 Qb4 32. exf7 1-0

[Event "SR 5. liga SE-SI 2015/2016"]
[Site "?"]
[Date "2016.03.19"]
[Round "9.1"]
[White "Vlk, Jaroslav"]
[Black "Trojkova, Michaela"]
[Result "0-1"]
[WhiteElo "1513"]
[BlackElo "1605"]
[PlyCount "66"]
[EventDate "2015.??.??"]

1. d4 f5 2. c4 Nf6 3. Nc3 e6 4. e3 Be7 5. Bd3 O-O 6. e4 fxe4 7. Bxe4 Nxe4 8.
Nxe4 d5 9. cxd5 exd5 10. Nc3 Bh4 11. g3 Bf6 12. f4 Nc6 13. Be3 Re8 14. Kf2 Bf5
15. Nf3 Nb4 16. Ne1 Qe7 17. Qd2 c6 18. Nd1 Be4 19. Rg1 h5 20. a3 Na6 21. Nd3 h4
22. Nc3 hxg3+ 23. hxg3 Rf8 24. Ne5 Bxe5 25. dxe5 Qxe5 26. Bd4 Qe7 27. Rae1 Nc5
28. Re3 Nb3 29. Qd1 Nxd4 30. Qxd4 Rae8 31. Rge1 Rxf4+ 32. gxf4 Qh4+ 33. Ke2
Qh2+ 0-1

[Event "SR 5. liga SE-SI 2015/2016"]
[Site "?"]
[Date "2016.03.19"]
[Round "9.1"]
[White "Bazovsky, Max"]
[Black "Daniel, Jakub"]
[Result "1-0"]
[WhiteElo "1000"]
[BlackElo "1000"]
[PlyCount "49"]
[EventDate "2015.??.??"]

1. d4 d5 2. e3 e6 3. Bd3 Bd6 4. f4 f5 5. Nf3 Nc6 6. c3 Nf6 7. Nbd2 Ng4 8. Qe2
Qf6 9. h3 h5 10. hxg4 g6 11. gxh5 gxh5 12. Ng5 b6 13. Rxh5 Bb7 14. Rxh8+ Qxh8
15. Ndf3 Qh1+ 16. Qf1 Qxf1+ 17. Bxf1 O-O-O 18. Nxe6 Re8 19. Nfg5 Na5 20. Bd3
Rh8 21. Nh3 Be7 22. Neg5 Re8 23. Bxf5+ Kb8 24. Bd2 Nc4 25. O-O-O 1-0

[Event "SR 5. liga SE-SI 2015/2016"]
[Site "?"]
[Date "2016.03.19"]
[Round "9.2"]
[White "Buran, Andrej ml"]
[Black "Nemeckay, Dominik"]
[Result "1/2-1/2"]
[WhiteElo "1571"]
[BlackElo "1443"]
[PlyCount "30"]
[EventDate "2015.??.??"]

1. e4 e5 2. Nf3 Nc6 3. Bb5 a6 4. Ba4 Nf6 5. O-O b5 6. Bb3 d6 7. Ng5 Be6 8. Bxe6
fxe6 9. Nxe6 Qe7 10. Nxf8 Qxf8 11. d3 Qf7 12. Be3 O-O 13. Nd2 Qg6 14. h3 Nh5
15. Qg4 Qxg4 1/2-1/2

[Event "SR 5. liga SE-SI 2015/2016"]
[Site "?"]
[Date "2016.03.19"]
[Round "9.2"]
[White "Drinka, Robert"]
[Black "Hrdlicka, Martin"]
[Result "1/2-1/2"]
[WhiteElo "1368"]
[BlackElo "1381"]
[PlyCount "61"]
[EventDate "2015.??.??"]

1. e4 e5 2. Nf3 Nc6 3. Bc4 Bc5 4. c3 Nf6 5. d3 O-O 6. O-O d6 7. Bg5 Be6 8. Bb3
Bb6 9. Re1 Qd7 10. Nbd2 Rfe8 11. Bxf6 gxf6 12. Nf1 Kh8 13. Bxe6 Qxe6 14. Ng3
Ne7 15. Nh4 Rg8 16. Nhf5 Rg6 17. Nxe7 Qxe7 18. a4 a6 19. a5 Ba7 20. Qb3 c6 21.
Nf5 Qd7 22. Qb4 Bc5 23. Qb3 Rag8 24. g3 d5 25. Rad1 b5 26. axb6 Qb7 27. Kg2 Rg5
28. Rc1 Bxb6 29. c4 Qa7 30. Re2 Rb8 31. cxd5 1/2-1/2

[Event "SR 5. liga SE-SI 2015/2016"]
[Site "?"]
[Date "2016.03.19"]
[Round "9.2"]
[White "Kaufman, Robert"]
[Black "Jankovic, Vit"]
[Result "1-0"]
[WhiteElo "1369"]
[BlackElo "1118"]
[PlyCount "59"]
[EventDate "2015.??.??"]

1. e4 e5 2. Nf3 Nc6 3. Bc4 Nf6 4. Ng5 d5 5. exd5 Nxd5 6. Nxf7 Kxf7 7. Qf3+ Ke8
8. Bxd5 Qd7 9. O-O Nb4 10. Bb3 Bd6 11. a3 Nc6 12. d3 Nd4 13. Qh5+ g6 14. Qd1
Nxb3 15. cxb3 Qc6 16. Nc3 b6 17. Bg5 Bb7 18. Ne4 Rf8 19. Qg4 Be7 20. Bxe7 Kxe7
21. Qg5+ Ke8 22. Qxe5+ Kd8 23. Rac1 Qd7 24. Ng5 Re8 25. Qf6+ Re7 26. Rfe1 h6
27. Qf8+ Re8 28. Nf7+ Kc8 29. Rxe8+ Qxe8 30. Qxe8# 1-0

[Event "SR 5. liga SE-SI 2015/2016"]
[Site "?"]
[Date "2016.03.19"]
[Round "9.2"]
[White "Simek, Adam"]
[Black "Svarc, Vaclav"]
[Result "0-1"]
[WhiteElo "1097"]
[BlackElo "1234"]
[PlyCount "22"]
[EventDate "2015.??.??"]

1. e4 e5 2. Nf3 Nc6 3. Nc3 Nf6 4. Bb5 Bb4 5. Nd5 Nxd5 6. exd5 Nd4 7. Nxe5 Qe7
8. Qh5 g6 9. Qg4 Qxe5+ 10. Be2 d6 11. Qh4 Qxe2# 0-1

[Event "SR 5. liga SE-SI 2015/2016"]
[Site "?"]
[Date "2016.03.19"]
[Round "9.2"]
[White "Nater, Nikolas"]
[Black "Nesnadny, Tomas"]
[Result "1-0"]
[WhiteElo "1092"]
[BlackElo "1000"]
[PlyCount "53"]
[EventDate "2015.??.??"]

1. e4 e5 2. Nf3 Nc6 3. Bc4 Nf6 4. Nc3 Bc5 5. O-O O-O 6. d3 d6 7. Bg5 Be6 8. Bd5
Bxd5 9. Nxd5 Nd4 10. Qd2 c6 11. Bxf6 gxf6 12. Ne3 Kh8 13. Nf5 Rg8 14. N3h4 Qd7
15. Qh6 Qe6 16. Nxd4 Bxd4 17. Nf5 Rg6 18. Qh3 Bxb2 19. Rab1 Bd4 20. Rxb7 d5 21.
Rfb1 Rc8 22. Rb8 dxe4 23. dxe4 c5 24. Kf1 Rgg8 25. Qh6 Qc4+ 26. Kg1 Qxc2 27.
Qxf6+ 1-0

[Event "SR 5. liga SE-SI 2015/2016"]
[Site "?"]
[Date "2016.03.19"]
[Round "9.3"]
[White "Petras, Michal"]
[Black "Zlamal, Marek"]
[Result "0-1"]
[WhiteElo "1246"]
[BlackElo "1730"]
[PlyCount "46"]
[EventDate "2015.??.??"]

1. e4 c5 2. Nf3 Nc6 3. Nc3 e5 4. Bb5 d6 5. d3 Bg4 6. Nd5 a6 7. Ba4 b5 8. Bb3
Nd4 9. c3 Nxb3 10. axb3 h6 11. c4 Ne7 12. Nxe7 Bxe7 13. h3 Be6 14. O-O O-O 15.
Bd2 f5 16. exf5 Rxf5 17. Qe2 Qd7 18. Qe4 Raf8 19. Rae1 Rh5 20. h4 Bg4 21. Nh2
Bf5 22. Qe2 Rxh4 23. f3 Rd4 0-1

[Event "SR 5. liga SE-SI 2015/2016"]
[Site "?"]
[Date "2016.03.19"]
[Round "9.3"]
[White "Horak, Viliam"]
[Black "Babic, Stefan"]
[Result "1-0"]
[WhiteElo "1239"]
[BlackElo "1091"]
[PlyCount "55"]
[EventDate "2015.??.??"]

1. d4 d5 2. c4 Nf6 3. cxd5 Nxd5 4. e4 Nb6 5. Nc3 e6 6. Nf3 Bb4 7. Bd3 c5 8.
dxc5 Bxc5 9. Be3 Bxe3 10. fxe3 O-O 11. O-O Nc6 12. a3 Qc7 13. Qc2 Ne5 14. Nxe5
Qxe5 15. Rad1 Bd7 16. Rf2 Rad8 17. Rfd2 a6 18. b4 f6 19. a4 Rc8 20. Rc1 f5 21.
b5 a5 22. exf5 exf5 23. Qb2 Qxe3+ 24. Kh1 Rfe8 25. Rdd1 Be6 26. Qe2 Bb3 27. Re1
Nxa4 28. Qxe3 1-0

[Event "SR 5. liga SE-SI 2015/2016"]
[Site "?"]
[Date "2016.03.19"]
[Round "9.3"]
[White "Skrabak, Jozef"]
[Black "Steiner, Juraj"]
[Result "0-1"]
[WhiteElo "1000"]
[BlackElo "1000"]
[PlyCount "68"]
[EventDate "2015.??.??"]

1. d4 d5 2. Bf4 Nc6 3. Nf3 Bf5 4. a3 Nf6 5. h3 g6 6. Nc3 Bg7 7. Na4 b6 8. e3 a6
9. Rg1 Ne4 10. g4 Bd7 11. c3 e6 12. g5 h6 13. gxh6 Bxh6 14. Bxh6 Rxh6 15. Bd3
Ne7 16. Ne5 Bb5 17. f3 Nd6 18. e4 f6 19. Ng4 Rxh3 20. b3 Bxd3 21. Qxd3 dxe4 22.
Qf1 Rxf3 23. Nxf6+ Kf7 24. Qg2 Kxf6 25. Qg5+ Kf7 26. c4 Rxb3 27. c5 Ndf5 28.
Rg4 Qxd4 29. Rd1 Re3+ 30. Kf2 Qxd1 31. cxb6 Qf3+ 32. Kg1 Rd8 33. b7 Rd1+ 34.
Kh2 Qh3# 0-1

[Event "SR 5. liga SE-SI 2015/2016"]
[Site "?"]
[Date "2016.03.19"]
[Round "9.3"]
[White "Sefcik, Marek Ml"]
[Black "Skrabakova, Monika"]
[Result "1-0"]
[WhiteElo "1000"]
[BlackElo "1000"]
[PlyCount "35"]
[EventDate "2015.??.??"]

1. e4 e5 2. Nf3 Nf6 3. Nc3 Bc5 4. Nxe5 O-O 5. d4 d6 6. dxc5 dxe5 7. Qxd8 Rxd8
8. Nb5 Rd7 9. g3 Nxe4 10. Bh3 c6 11. Bxd7 Nxd7 12. Be3 cxb5 13. O-O-O Nef6 14.
f4 Ng4 15. Bg1 b4 16. b3 b6 17. c6 Ndf6 18. Rd8+ 1-0

[Event "SR 5. liga SE-SI 2015/2016"]
[Site "?"]
[Date "2016.03.19"]
[Round "9.3"]
[White "Sekac, Martin"]
[Black "Sefcikova, Liana"]
[Result "1-0"]
[WhiteElo "1000"]
[BlackElo "1000"]
[PlyCount "25"]
[EventDate "2015.??.??"]

1. e4 e5 2. Nf3 Nc6 3. Bc4 Nf6 4. c3 d6 5. d4 exd4 6. cxd4 Be7 7. Nc3 O-O 8.
O-O Bg4 9. h3 Bd7 10. e5 dxe5 11. dxe5 Nh5 12. g4 a5 13. gxh5 1-0

[Event "SR 5. liga SE-SI 2015/2016"]
[Site "?"]
[Date "2016.03.19"]
[Round "9.4"]
[White "Hrubos, Milan"]
[Black "Wallner, Juraj"]
[Result "1-0"]
[WhiteElo "1750"]
[BlackElo "1551"]
[PlyCount "93"]
[EventDate "2015.??.??"]

1. e4 c5 2. Nf3 Nc6 3. d4 e6 4. d5 d6 5. dxc6 bxc6 6. c4 Nf6 7. Bg5 Be7 8. Nc3
Qb6 9. Qc2 Rb8 10. Rb1 h6 11. Bd2 O-O 12. Bd3 Ba6 13. O-O Qc7 14. b3 e5 15. Ne1
Rfd8 16. f4 Nd7 17. Nf3 f6 18. f5 Nb6 19. Nh4 d5 20. exd5 cxd5 21. cxd5 c4 22.
bxc4 Nxc4 23. Rxb8 Qxb8 24. Bxc4 Bxc4 25. Rb1 Qa8 26. Be3 Bxd5 27. Nxd5 Qxd5
28. Qb3 Qxb3 29. axb3 a5 30. Bb6 Ra8 31. Nf3 Ra6 32. Be3 Ra8 33. Bd2 a4 34.
bxa4 Rxa4 35. g3 Ra2 36. Bb4 Bd8 37. Bc5 Ra8 38. Bd6 Ra6 39. Bc5 Ra8 40. Nd2
Rc8 41. Ne4 Bc7 42. Kf2 Bb8 43. Rb7 Rd8 44. Ke2 Rc8 45. Kf3 Rd8 46. Kg4 Rc8 47.
Kh5 1-0